=LDR 00000nam 2200000 4500 =001 NUTBA000000000000366 =005 20240216022055 =035 ##$$a 0010-031400000000365 =008 240216################g##########0#ind## =020 ##$$a 978-979-769-403-6 =082 ##$$a 372.107 21 =100 ##$$a Putra, Nusa =245 1#$$a Penelitian kualitatif PAUD Pendidikan Anak Usia Dini /$c Dr. Nusa Putra, S.Fil, M.Pd., Ninin Dwilestari, S.Pd. =260 ##$$a Jakarta :$b Raja Grafindo Persada,$c 2103 =300 ##$$a 213 hlm. : $b ilus ; $c 20,5 x 13,5 cm. =700 #$$a Ninin Dwilestari =850 ##$$a NBPNMAT =084 ##$$a 372.107 21 PUT p =250 ##$$a cet. 3 =650 #4$$a Pendidikan Anak Usia Dini =990 ##$$a 21302607 =990 ##$$a 21302606 =990 ##$$a 21302608 =990 ##$$a 21302605 =990 ##$$a 21302604